|
|
|
|
| LEADER |
01015nam a22002177a 4500 |
| 001 |
30658 |
| 003 |
BD-DhAAL |
| 005 |
20241124124209.0 |
| 008 |
151201b bg ||||| |||| 00| 0 ben d |
| 040 |
|
|
|a BD-DhAAL
|c BD-DhAAL
|
| 082 |
|
|
|2 22
|a 372.1102
|
| 245 |
|
|
|a শিশুপাঠ :
|b শিক্ষক নির্দেশিকা /
|
| 260 |
|
|
|a ঢাকা :
|b বাংলাদেশ রুরাল এ্যাডভান্সমেন্ট কমিটি (ব্র্যাক),
|
| 300 |
|
|
|a ৯৭ পৃ. :
|b ৩৪ সে. মি.
|
| 541 |
|
|
|a Complimentary copy from BRAC
|e 30658
|
| 650 |
|
|
|a Education, Preschool.
|9 16559
|
| 710 |
|
|
|a ব্র্যাক
|9 16560
|
| 852 |
|
|
|a Ayesha Abed Library
|
| 942 |
|
|
|2 ddc
|c BK
|
| 999 |
|
|
|c 36325
|d 36325
|
| 952 |
|
|
|0 0
|1 0
|2 ddc
|4 0
|6 372_110200000000000_SHI
|7 1
|9 57114
|a BRACUL
|b BRACUL
|c BRS
|d 2015-12-01
|e Complimentary copy from BRAC
|l 1
|o 372.1102 SHI
|p 3010030658
|r 2025-12-30
|s 2025-03-23
|t 1
|w 2015-12-01
|y BK
|x Complimentary copy from BRAC; Price not available in register.
|